Co powinno się znaleźć w ośrodku wypoczynkowym? - Statystyki

Ogólne statystyki
  • Ten quiz został rozwiązany 12 razy
  • Średni wynik to 3 z 6
Statystyki odpowiedzi
Odpowiedź % Poprawnych
Basen
90%
Spa
70%
Recepcja
50%
Stołówka
50%
Pokoje
40%
Plac Zabaw
30%
Nie znaleziono quizów pasujących do podanych kryteriów
Rozkład punktacji
Procent ludzi z każdym wynikiem
Percentyl według liczby udzielonych odpowiedzi
Twoja historia wyników
Nie rozwiązałeś tego quizu